A textbook of company law in Kenya / (Record no. 490)

MARC details
000 -LEADER
fixed length control field 00891cam a2200301 a 4500
001 - CONTROL NUMBER
control field 2379683
003 - CONTROL NUMBER IDENTIFIER
control field OSt
005 - DATE AND TIME OF LATEST TRANSACTION
control field 20230606085008.0
008 - FIXED-LENGTH DATA ELEMENTS--GENERAL INFORMATION
fixed length control field 840829t19841980ke 001 0 eng
010 ## - LIBRARY OF CONGRESS CONTROL NUMBER
LC control number 84207271
020 ## - INTERNATIONAL STANDARD BOOK NUMBER
International Standard Book Number 9966465057
040 ## - CATALOGING SOURCE
Original cataloging agency DLC
Transcribing agency DLC
Modifying agency DLC
043 ## - GEOGRAPHIC AREA CODE
Geographic area code f-ke---
050 00 - LIBRARY OF CONGRESS CALL NUMBER
Classification number KSK956
Item number .H87 1984
082 00 - DEWEY DECIMAL CLASSIFICATION NUMBER
Classification number 346.6762
Item number HUS
100 1# - MAIN ENTRY--PERSONAL NAME
Personal name Hussain, Ashiq.
245 12 - TITLE STATEMENT
Title A textbook of company law in Kenya /
Statement of responsibility, etc. Ashiq Hussain.
250 ## - EDITION STATEMENT
Edition statement Repr. with incorporation of additional materials in 1984.
260 ## - PUBLICATION, DISTRIBUTION, ETC. (IMPRINT)
Place of publication, distribution, etc. Nairobi :
Name of publisher, distributor, etc. Heinemann Educational Books,
Date of publication, distribution, etc. 1984, c1980.
300 ## - PHYSICAL DESCRIPTION
Extent xxii, 218 p. ;
Dimensions 21 cm.
490 0# - SERIES STATEMENT
Series statement H.E.B. business education series
500 ## - GENERAL NOTE
General note Includes index.
650 #0 - SUBJECT ADDED ENTRY--TOPICAL TERM
Topical term or geographic name as entry element Corporation law
Geographic subdivision Kenya.
740 0# - ADDED ENTRY--UNCONTROLLED RELATED/ANALYTICAL TITLE
Uncontrolled related/analytical title Company law in Kenya.
906 ## - LOCAL DATA ELEMENT F, LDF (RLIN)
a 7
b cbc
c orignew
d 2
e ncip
f 19
g y-gencatlg
942 ## - ADDED ENTRY ELEMENTS (KOHA)
Source of classification or shelving scheme Dewey Decimal Classification
Koha item type Books
Holdings
Withdrawn status Lost status Source of classification or shelving scheme Damaged status Not for loan Home library Current library Date acquired Total Checkouts Full call number Barcode Date last seen Price effective from Koha item type
    Dewey Decimal Classification     Bunge Tower Library Bunge Tower Library 06/06/2023   346.6762 HUS 10014377 06/06/2023 06/06/2023 Books
    Dewey Decimal Classification     Bunge Tower Library Bunge Tower Library 06/06/2023   346.6762 HUS 10014395 06/06/2023 06/06/2023 Books
    Dewey Decimal Classification     County Hall Archives County Hall Archives 07/03/2023   346.6762 HUS 10002111 07/03/2023 07/03/2023 Books
LIBRARY OPENING HOURS

When the Parliament is sitting: 8.00a.m - 7.00p.m or until the house adjourns
Mondays and Fridays and when the House is on Recess:  8.00a.m - 5.00p.m
Closed on Weekends and Public Holidays

Online Public Access Catalog (OPAC)
Website: http://www.parliament.go.ke
Bunge Library: https://libraryir.parliament.go.ke
Contact: library@parliament.go.ke | Tel no: (254-2)2221291 or 2848000 Ext 5043